Central Library OPAC University of Rajshahi

The rose tattoo / (Record no. 17207)

MARC details
000 -LEADER
fixed length control field 01117cam a2200301u 4500
001 - CONTROL NUMBER
control field 17207
003 - CONTROL NUMBER IDENTIFIER
rucl marc code BD-RjUL
005 - DATE AND TIME OF LATEST TRANSACTION
control field 20211209000114.0
008 - FIXED-LENGTH DATA ELEMENTS--GENERAL INFORMATION
fixed length control field 140216s1956 enk 000 0aeng d
035 ## - SYSTEM CONTROL NUMBER
System control number (BD-RjUL)17264
040 ## - CATALOGING SOURCE
Original cataloging agency DLC
Transcribing agency CarP
Modifying agency DLC
-- BD-RjUL
Language of cataloging eng
041 ## - LANGUAGE CODE
Language code of text/sound track or separate title eng
082 00 - DEWEY DECIMAL CLASSIFICATION NUMBER
Edition number 20
Classification number 812.04108
Author mark and year WIR 1956
100 1# - MAIN ENTRY--PERSONAL NAME
Personal name Williams, Tennessee,
Dates associated with a name 1911-1983.
9 (RLIN) 53057
245 14 - TITLE STATEMENT
Title The rose tattoo /
Statement of responsibility, etc. Tennessee, Williams
260 ## - PUBLICATION, DISTRIBUTION, ETC. (IMPRINT)
Place of publication, distribution, etc. London :
Name of publisher, distributor, etc. Seckr & Warburg,
Date of publication, distribution, etc. 1956
300 ## - PHYSICAL DESCRIPTION
Pagination xv, 144p. ;
Size 18cm.
500 ## - GENERAL NOTE
General note Play, starring Maureen Stapleton and Harry Guardino; Milton Katselas, director.
General note Automatic sequence.
General note Duration: 1 hr., 51 min., 25 sec.
General note Biographies of the players, autobiographical notes, notes on the author by Robert W. Corrigan, and author's production notes (23 p.) laid in container.
650 #0 - SUBJECT ADDED ENTRY--TOPICAL TERM
Topical term or geographic name as entry element American drama -- 20th century.
9 (RLIN) 52510
700 1# - ADDED ENTRY--PERSONAL NAME
Personal name Stapleton, Maureen.
Personal name Guardino, Harry. [from old catalog]
Personal name Katselas, Milton.
942 ## - ADDED ENTRY ELEMENTS (KOHA)
Source of classification or shelving scheme Dewey Decimal Classification
Koha item type Books
Holdings
Lost status Source of classification or shelving scheme Damaged status Not for loan Collection code Permanent Location Current Location Shelving location Date acquired Source of acquisition Cost, normal purchase price Total Checkouts Full call number Date last seen Copy number Koha item type
  Dewey Decimal Classification   Not For Loan Non-fiction Central Library, University of Rajshahi Central Library, University of Rajshahi Reading Room 03/05/1965 Zeithlinger. 15.00   812.04108 WIR 1956 16/02/2014 C-1 Books